000 00778nam2a2200205 4500
001 RU\NLR\PER_A\003154602_002530
005 20250626124934.0
035 _a(NLR Aleph) 011765808
090 _a11700867
_c11700867
100 _a20180808d2018 |||y0rusy50 ca
101 0 _arus
102 _aRU
200 0 _aТ. 16, № 5
210 _d2018
_aБ. м.
461 0 _1001RU\NLR\INFOCOMM9\5000117861
_12001#$aИнформационно-измерительные и управляющие системы$vТ. 16, № 5
_93037955
_cМ.
_d2003 -
_nРадиотехника
_tИнформационно-измерительные и управляющие системы
_x2070-0814
_vТ. 16, № 5
852 _aNLR
_jП11/4909
942 _cISSUE
980 _aNB
980 _aRUSPER